| 000 | 01252nam a2200313Ia 4500 | ||
|---|---|---|---|
| 001 | ebr10175727 | ||
| 003 | CaPaEBR | ||
| 006 | m u | ||
| 007 | cr cn||||||||| | ||
| 008 | 070129s2007 enk sb 001 0 eng d | ||
| 020 | _z9781403976215 (hbk.) | ||
| 020 | _z140397621X (hbk.) | ||
| 040 |
_aCaPaEBR _cCaPaEBR |
||
| 035 | _a(OCoLC)648246937 | ||
| 050 | 1 | 4 |
_aHD75 _b.G62 2007eb |
| 082 | 0 | 4 |
_a339.5 _222 |
| 100 | 1 |
_aGoalstone, David, _d1951- |
|
| 245 | 1 | 0 |
_aMacrofoundations of political economy and development _h[electronic resource] : _bsurvival conditions analysis / _cDavid Goalstone. |
| 260 |
_aBasingstoke : _bPalgrave Macmillan, _c2007. |
||
| 300 | _axxvii, 328 p. | ||
| 504 | _aIncludes bibliographical references and index. | ||
| 533 |
_aElectronic reproduction. _bPalo Alto, Calif. : _cebrary, _d2009. _nAvailable via World Wide Web. _nAccess may be limited to ebrary affiliated libraries. |
||
| 650 | 0 | _aSubsistence economy. | |
| 650 | 0 | _aEconomic development. | |
| 651 | 0 |
_aDeveloping countries _xEconomic conditions. |
|
| 655 | 7 |
_aElectronic books. _2local |
|
| 710 | 2 | _aebrary, Inc. | |
| 856 | 4 | 0 |
_uhttp://site.ebrary.com/lib/rucke/Doc?id=10175727 _zAn electronic book accessible through the World Wide Web; click to view |
| 999 |
_c237982 _d237982 |
||